[Event "GRE-ch Online Blitz op 1st"]
[Site "Tornelo INT"]
[Date "2021.02.07"]
[Round "6"]
[White "Chorafas, Dimitrios"]
[Black "Stylianidis, Orestis"]
[Result "1/2-1/2"]
[WhiteElo "1018"]
[BlackElo "1240"]
[PlyCount "165"]
[EventDate "2021.02.07"]
[EventType "swiss (blitz)"]
[EventRounds "16"]
[EventCountry "GRE"]
[SourceTitle "EXT 2023"]
[Source "ChessBase"]
[SourceDate "2022.10.05"]
[SourceVersion "1"]
[SourceVersionDate "2022.10.05"]
[SourceQuality "1"]

1. e4 c5 2. Nf3 d6 3. d4 cxd4 4. Nxd4 Nf6 5. Nc3 a6 6. Be3 e5 7. Nb3 Be7 8. Bc4 b5 9. Bd3 Be6 10. 0-0 0-0 11. Re1 d5 12. exd5 Nxd5 13. Nxd5 Bxd5 14. Bd2 Qc7 15. Be4 Bxe4 16. Rxe4 Nc6 17. Bc3 Rad8 18. Qe1 f6 19. Rd1 b4 20. Rxd8 Rxd8 21. Bd2 Nd4 22. Nxd4 Rxd4 23. Rxd4 exd4 24. Bxb4 Bxb4 25. Qe8+ Bf8 26. Qe6+ Qf7 27. Qxa6 g6 28. Kf1 Kg7 29. a3 Be7 30. Qd3 Qd5 31. c4 Qd6 32. h3 Kf7 33. b4 f5 34. c5 Qd7 35. Qc4+ Kf6 36. c6 Qc7 37. Qxd4+ Kf7 38. Qc4+ Kf6 39. a4 Bd6 40. b5 Qb6 41. Qc3+ Be5 42. Qc4 h6 43. Qd5 Qc7 44. Qd7 Qxd7 45. cxd7 Ke7 46. a5 Kxd7 47. Ke2 Kc7 48. Kd3 Bd6 49. Kc4 Kb7 50. Kd5 Bc7 51. a6+ Kb6 52. Ke6 Kxb5 53. Kf6 Kxa6 54. Kxg6 f4 55. Kxh6 Kb5 56. g3 f3 57. g4 Kc4 58. Kg5 Kd3 59. Kh4 Ke2 60. g5 Be5 61. Kg4 Kxf2 62. h4 Kg2 63. h5 f2 64. h6 f1Q 65. g6 Qe2+ 66. Kg5 Qe3+ 67. Kg4 Qg3+ 68. Kh5 Bd4 69. g7 Qf3+ 70. Kg6 Qe4+ 71. Kf7 Qf4+ 72. Kg6 Qg4+ 73. Kf7 Qh5+ 74. Kf8 Bc5+ 75. Kg8 Qe8+ 76. Kh7 Kg3 77. g8Q+ Qxg8+ 78. Kxg8 Kg4 79. Kg7 Bd4+ 80. Kf7 Kg5 81. h7 Kh6 82. Kg8 Kg6 83. h8B 1/2-1/2

[Event "GRE-ch Online Blitz op 1st"]
[Site "Tornelo INT"]
[Date "2021.02.07"]
[Round "11"]
[White "Kalyvas, Georgios A"]
[Black "Stylianidis, Orestis"]
[Result "1/2-1/2"]
[WhiteElo "1094"]
[BlackElo "1240"]
[PlyCount "134"]
[EventDate "2021.02.07"]
[EventType "swiss (blitz)"]
[EventRounds "16"]
[EventCountry "GRE"]
[SourceTitle "EXT 2023"]
[Source "ChessBase"]
[SourceDate "2022.10.05"]
[SourceVersion "1"]
[SourceVersionDate "2022.10.05"]
[SourceQuality "1"]

1. e4 c5 2. Nf3 d6 3. d4 cxd4 4. Nxd4 Nf6 5. Nc3 a6 6. a4 g6 7. Be2 Bg7 8. 0-0 0-0 9. Be3 Nbd7 10. Nb3 b6 11. Bf3 Ne5 12. Bf4 Nxf3+ 13. Qxf3 Rb8 14. Qe2 Bb7 15. f3 Nd7 16. Rad1 Nc5 17. Nxc5 bxc5 18. Be3 Qb6 19. Nd5 Bxd5 20. Rxd5 Qxb2 21. Qxa6 Qxc2 22. Qd3 Qxd3 23. Rxd3 Rb4 24. Ra3 Ra8 25. a5 Bb2 26. Ra2 c4 27. Rb1 c3 28. Bc1 Rab8 29. Bxb2 cxb2 30. a6 Ra8 31. Raxb2 Rxb2 32. Rxb2 Rxa6 33. Kf2 Kg7 34. g3 e6 35. h4 Kf6 36. f4 Ra4 37. Kf3 Ra3+ 38. Kg4 h5+ 39. Kh3 Re3 40. Rb4 e5 41. fxe5+ dxe5 42. Rb6+ Ke7 43. Rb7+ Ke6 44. Rb6+ Ke7 45. Rb7+ Kf8 46. Rb5 f6 47. Rb4 Kf7 48. Rb7+ Ke6 49. Rb4 Rd3 50. Rc4 Rd4 51. Rxd4 exd4 52. Kg2 Ke5 53. Kf3 f5 54. exf5 gxf5 55. Kf2 Ke4 56. Ke2 d3+ 57. Kf2 f4 58. g4 hxg4 59. h5 Kf5 60. h6 Kg6 61. Kg1 Kxh6 62. Kh2 Kh5 63. Kg2 Kh4 64. Kh2 g3+ 65. Kg2 Kg4 66. Kh1 d2 67. Kg2 d1Q 1/2-1/2

[Event "GRE-ch Online Blitz op 1st"]
[Site "Tornelo INT"]
[Date "2021.02.07"]
[Round "3"]
[White "Stylianidis, Orestis"]
[Black "Antonoglou, Christos"]
[Result "0-1"]
[WhiteElo "1240"]
[BlackElo "1845"]
[PlyCount "102"]
[EventDate "2021.02.07"]
[EventType "swiss (blitz)"]
[EventRounds "16"]
[EventCountry "GRE"]
[SourceTitle "EXT 2023"]
[Source "ChessBase"]
[SourceDate "2022.10.05"]
[SourceVersion "1"]
[SourceVersionDate "2022.10.05"]
[SourceQuality "1"]

1. Nf3 d5 2. g3 Nc6 3. Bg2 Bg4 4. h3 Bxf3 5. Bxf3 Qd7 6. Bg2 e5 7. 0-0 Nf6 8. d3 Bd6 9. Nd2 0-0-0 10. e4 dxe4 11. dxe4 h5 12. Nc4 Qe6 13. Nxd6+ Rxd6 14. Qe2 Rg8 15. c3 g5 16. Be3 h4 17. g4 Nd7 18. Rfd1 Rxd1+ 19. Rxd1 f6 20. a3 Nb6 21. b4 Rd8 22. Rxd8+ Kxd8 23. Bf1 Qb3 24. Qd3+ Nd7 25. c4 Qxd3 26. Bxd3 Ke7 27. Kf1 Ke6 28. Ke2 b6 29. Kd2 Ne7 30. Kc3 c5 31. bxc5 bxc5 32. a4 Nc6 33. Bd2 a5 34. Kb2 Nb6 35. f3 Nxa4+ 36. Ka3 Nb6 37. Kb2 Nb4 38. Kc3 Nxd3 39. Kxd3 a4 40. Be3 Kd6 41. Kc3 a3 42. Kb3 a2 43. Kxa2 Nxc4 44. Kb3 Nxe3 45. Kc3 c4 46. Kb2 Kc5 47. Kc3 Ng2 48. Kd2 Nf4 49. Kc3 Nxh3 50. Kd2 Nf4 51. Kc3 h3 0-1

[Event "GRE-ch Online Blitz op 1st"]
[Site "Tornelo INT"]
[Date "2021.02.07"]
[Round "7"]
[White "Stylianidis, Orestis"]
[Black "Tsouchnikas, Orestis"]
[Result "0-1"]
[WhiteElo "1240"]
[BlackElo "1141"]
[PlyCount "86"]
[EventDate "2021.02.07"]
[EventType "swiss (blitz)"]
[EventRounds "16"]
[EventCountry "GRE"]
[SourceTitle "EXT 2023"]
[Source "ChessBase"]
[SourceDate "2022.10.05"]
[SourceVersion "1"]
[SourceVersionDate "2022.10.05"]
[SourceQuality "1"]

1. Nf3 d6 2. g3 g6 3. e4 Bg7 4. Bg2 e5 5. 0-0 Ne7 6. d3 0-0 7. a4 f5 8. exf5 Bxf5 9. c3 c6 10. Qb3+ d5 11. Qxb7 Nd7 12. Qb3 Bxd3 13. Ng5 Rf6 14. Re1 h6 15. Nf3 Rb8 16. Qa2 Bc4 17. Qa3 e4 18. Nd4 Qf8 19. Nxc6 Rxc6 20. a5 Rf6 21. Be3 Nf5 22. Qxf8+ Bxf8 23. a6 Bc5 24. Bxc5 Nxc5 25. Ra5 Nd3 26. Rd1 Rxb2 27. Na3 Nxf2 28. Nxc4 Nxd1 29. Rxd5 Rb1 30. Rd8+ Kg7 31. Ne5 Nxc3+ 32. Kf2 e3+ 33. Kf3 Nd4+ 34. Kg4 h5+ 35. Kh3 Nc6 36. Rd7+ Kh6 37. Nf7+ Rxf7 38. Rxf7 e2 39. Bxc6 e1Q 40. Rxa7 Qe6+ 41. Kg2 Rb2+ 42. Kf1 Qxc6 43. Re7 Qh1# 0-1